[Event "Online Olym Div4 B"]
[Site "Chess.com INT"]
[Date "2021.08.22"]
[Round "8.6"]
[White "Rawda Mansour, Al Qassabi"]
[Black "Mentile, Lishen"]
[Result "1/2-1/2"]
[WhiteElo "1049"]
[BlackElo "1522"]
[PlyCount "162"]
[EventDate "2021.08.20"]
[EventType "team (rapid)"]
[EventRounds "11"]
[EventCountry "USA"]
[SourceTitle "CBM 203 Extra"]
[Source "ChessBase"]
[SourceDate "2021.09.30"]
[SourceVersion "1"]
[SourceVersionDate "2021.09.30"]
[SourceQuality "1"]
[WhiteTeam "Qatar"]
[BlackTeam "Namibia"]
[WhiteTeamCountry "QAT"]
[BlackTeamCountry "NAM"]

1. e4 d5 2. exd5 Qxd5 3. Nc3 Qa5 4. Bc4 Bf5 5. d4 c6 6. Bf4 Nf6 7. h3 e6 8. Nf3 Nbd7 9. 0-0 Be7 10. a3 Qd8 11. Re1 0-0 12. Nh4 Bg6 13. Nxg6 hxg6 14. Qd2 Nb6 15. Bb3 Rc8 16. Rad1 Nfd5 17. Nxd5 cxd5 18. Be5 Bf6 19. Qf4 Nd7 20. Bxf6 Nxf6 21. c3 Qb6 22. Ba4 Qxb2 23. Qc1 Qxc3 24. Qxc3 Rxc3 25. Ra1 Rfc8 26. Red1 Kf8 27. Kf1 Ke7 28. Ke2 b6 29. f3 a6 30. Rd3 b5 31. Bd1 Nh5 32. Kd2 Rxd3+ 33. Kxd3 Nf4+ 34. Kd2 Nxg2 35. Be2 Nf4 36. Bf1 Kd6 37. a4 b4 38. Bxa6 Rc3 39. Be2 Nxh3 40. Rb1 Nf4 41. Rxb4 Ra3 42. Bb5 Rxf3 43. a5 Ra3 44. a6 Kc7 45. Bf1 Nh5 46. Rb7+ Kc8 47. Rxf7 Ng3 48. Bd3 Nf5 49. a7 Nxd4 50. Bxg6 Nc6 51. Rxg7 Rxa7 52. Rxa7 Nxa7 53. Bf7 Kd7 54. Bxe6+ Kxe6 55. Kd3 Ke5 56. Ke3 Nc6 57. Kd3 Nb4+ 58. Ke3 d4+ 59. Kd2 Ke4 60. Ke2 Nd5 61. Kd2 Nf4 62. Kd1 Ke3 63. Ke1 Kd3 64. Kd1 Ng2 65. Kc1 Ke2 66. Kc2 d3+ 67. Kc3 d2 68. Kc4 d1Q 69. Kc5 Ne3 70. Kb5 Qc2 71. Kb4 Qc4+ 72. Ka5 Nc2 73. Kb6 Na3 74. Ka7 Nb5+ 75. Ka6 Nc7+ 76. Kb7 Nd5 77. Ka7 Qc5+ 78. Ka8 Nb6+ 79. Ka7 Nd7+ 80. Kb7 Qb6+ 81. Kc8 Nc5 1/2-1/2

[Event "Asia Nations online Cup (Women)"]
[Site "Chess.com INT"]
[Date "2020.10.19"]
[Round "9.15"]
[White "Abdul Rasheed, Mariyam Laisa"]
[Black "Rawda Mansour, Al Qassabi"]
[Result "0-1"]
[WhiteElo "1180"]
[BlackElo "1049"]
[PlyCount "106"]
[EventDate "2020.10.11"]
[EventType "team-swiss (rapid)"]
[EventRounds "9"]
[EventCountry "IND"]
[SourceTitle "CBM 198 Extra"]
[Source "ChessBase"]
[SourceDate "2020.11.30"]
[SourceVersion "1"]
[SourceVersionDate "2020.11.30"]
[SourceQuality "1"]
[WhiteTeam "Maldives (W)"]
[BlackTeam "Qatar (W)"]
[WhiteTeamCountry "MDV"]
[BlackTeamCountry "QAT"]

1. e4 d5 2. exd5 Qxd5 3. Nc3 Qd6 4. Nf3 Nf6 5. Bc4 g6 6. 0-0 Bg7 7. d4 a6 8. Be3 0-0 9. Qd2 b5 10. Bd3 Bb7 11. Bh6 Bxf3 12. gxf3 Qxd4 13. Kh1 Nc6 14. Bxg7 Kxg7 15. Rg1 Ne5 16. f4 Nxd3 17. cxd3 Nd5 18. f5 Nxc3 19. bxc3 Qd5+ 20. Rg2 Qxf5 21. Rag1 Rad8 22. Rg3 Qd5+ 23. R1g2 e5 24. Rh3 Rh8 25. Qh6+ Kg8 26. Kg1 Qe6 27. Rgg3 Qf6 28. Rf3 Qg7 29. Qg5 Qf8 30. Qxe5 Qd6 31. Qg5 Qd5 32. Qf6 Rd6 33. Qe7 Qe6 34. Qxc7 Qe1+ 35. Kg2 Qe6 36. Re3 Qd7 37. Qc5 Kg7 38. Qe5+ Rf6 39. Rhf3 Qd8 40. Rxf6 Qxf6 41. Qc5 Rd8 42. Rf3 Qg5+ 43. Kf1 Qxc5 44. Ke2 Qe5+ 45. Re3 Qh5+ 46. f3 Qxh2+ 47. Kd1 Qxa2 48. c4 bxc4 49. d4 Rxd4+ 50. Kc1 Qd2+ 51. Kb1 Qxe3 52. Ka2 Rd2+ 53. Kb1 Qe1# 0-1

[Event "Asia Nations online Cup (Women)"]
[Site "Chess.com INT"]
[Date "2020.10.17"]
[Round "4.15"]
[White "Almutawaa, Salma"]
[Black "Rawda Mansour, Al Qassabi"]
[Result "0-1"]
[WhiteElo "1009"]
[BlackElo "1049"]
[PlyCount "25"]
[EventDate "2020.10.11"]
[EventType "team-swiss (rapid)"]
[EventRounds "9"]
[EventCountry "IND"]
[SourceTitle "CBM 198 Extra"]
[Source "ChessBase"]
[SourceDate "2020.11.30"]
[SourceVersion "1"]
[SourceVersionDate "2020.11.30"]
[SourceQuality "1"]
[WhiteTeam "Kuwait (W)"]
[BlackTeam "Qatar (W)"]
[WhiteTeamCountry "KUW"]
[BlackTeamCountry "QAT"]

1. e4 d5 2. exd5 Qxd5 3. Nc3 Qd6 4. Nf3 Nf6 5. Bc4 g6 6. d4 Bg7 7. 0-0 a6 8. a4 0-0 9. Re1 Nc6 10. Be3 Bg4 11. d5 Ne5 12. Nxe5 Bxd1 13. Bf4 0-1